000 04601nam a2200217Ia 4500
999 _c8008
_d8008
005 20250714101820.0
008 230427s9999 xx 000 0 und d
020 _a9684320019
040 _aUPAN
_cBiblioteca San Vicente
_eRCAA2
041 _aspa
082 _a342.06
_bG113d
_c1994
100 _aFraga, Gabino
_4aut.
245 0 _aDerecho administrativo./
_bGabino Fraga
250 _a33ª ed.
260 _aMexico:
_bPorrua,
_c1994
300 _a506 p.:
_c23 cm.
505 _aLibro Primero: La actividad del Estado, la forma y el régimen de la misma. Titulo Primero: La actividad del Estado. Capitulo I. Las atribuciones del Estado. Capitulo II. Poder soberano, servicio público y atribución. Titulo Segundo: La forma de la actividad del Estado. Capitulo I. Las funciones del Estado. Capitulo II. La función legislativa. Capitulo III. La función legislativa (continuación). Capitulo IV. La función jurisdiccional. Capitulo V. La función administrativa. Capitulo VI. La función administrativa (continuación). Capitulo VII. Las funciones en la Constitución Mexicana. Titulo Tercero: El régimen de la actividad del Estado. Libro Segundo: Concepto del Derecho Administrativo. Titulo Primero: El Derecho administrativo y sus relaciones. Titulo Segundo: Fuentes de Derecho administrativo. Capitulo I. La ley. Capitulo II. El reglamento, la costumbre, la jurisprudencia. Libro Tercero: La organización administrativa y sus elementos. Titulo Primero: La administración pública. Capitulo I. Los órganos de la administración. Capitulo II. Los titulares de los órganos de la administración. Capitulo III. La relación de la función pública en la legislación mexicana. Capitulo IV. La situación legal de los servicios públicos. Capitulo V. La situación legal de los servidores públicos. Capitulo VI. Funciones de hecho. Titulo Segundo: Formas de organización administrativa. Capitulo I. La centralización. Su naturaleza administrativa. Capitulo II. La administración centralizada en México. Capitulo III. Las Secretarías de Estado y Departamentos Administrativos en la ley mexicana. Capitulo IV. Administración del Departamento del Distrito Federal. Capitulo V. La delegación y la desconcentración administrativa. Capitulo VI. La administración paraestatal. Capitulo VII. La descentralización por colaboración. Capitulo VIII. La descentralización por región. Libro Cuarto: El acto administrativo. Titulo Primero: La creación de los actos administrativos. Capitulo I. Los diferentes actos administrativos. Capitulo II. La concesión de servicio público. Capitulo III. El procedimiento administrativo. Capitulo IV. Elementos del acto administrativo. Capitulo V. Los efectos del acto administrativo. Capitulo VI. La ejecución del acto administrativo. Titulo Segundo: La extinción de los actos administrativos. Capitulo I. Los actos administrativos irregulares. Inexistencia. Capitulo II. Nulidad de los actos administrativos. Capitulo III. La revocación de los actos administrativos, Libro Quinto: El régimen financiero y patrimonial del Estado, Titulo Primero: El régimen del Estado. Capitulo I. Los ingresos del Estado. Capitulo II. Los egresos del Estado. Capitulo III. La ejecución de la Ley de Ingresos y del Presupuesto de Egresos. Titulo Segundo: El régimen patrimonial del Estado. Capitulo I. Bienes de dominio público y bienes de dominio privado de la Federación. Capitulo II. Bienes de propiedad originaria. Capitulo III. Bienes de dominio directo. Capitulo IV. La concesión de explotación de bienes del Estado. Capitulo V. La expropiación por causa de utilidad pública. Titulo Tercero: Capitulo I. Los créditos del Estado. La deuda pública. Capitulo II. Los contratos administrativos. Libro Sexto: La situación jurídica de los particulares frente a la administración. Titulo Primero: Los derechos y obligaciones de los particulares frente a la administración. Capitulo I. Los derechos de los particulares. Capitulo II. Los derechos de los particulares (continuación). Capitulo III. Obligaciones de carácter público a cargo de los particulares. Titulo Segundo: La protección jurídica de los administrados frente a la administración. Capitulo I. Los recursos administrativos. Capitulo II. El control jurisdiccional de la administración. Capitulo III. El contencioso-administrativo en México. Capitulo IV. El contencioso-administrativo en México.
650 _2LEMB
_aDerecho
650 _2LEMB
_aAdministrativo
942 _cBK
_2ddc